| Tag |
First Indicator |
Second Indicator |
Subfields |
| LEADER |
00000cam a2200000 a 4500 |
| 001 |
in00002169713 |
| 005 |
20220106094114.0 |
| 008 |
060807s2006 dcu f000 0 eng c |
| 020 |
|
|
|a 0160762731
|
| 035 |
|
|
|a (OCoLC)ocm70272110
|
| 037 |
|
|
|a 552-070-34242-7
|b GPO
|
| 040 |
|
|
|a GPO
|c GPO
|d GPO
|d MvI
|d UtOrBLW
|
| 042 |
|
|
|a pcc
|
| 043 |
|
|
|a a-cc---
|
| 049 |
|
|
|a UDOC
|
| 049 |
|
|
|a WWW
|
| 074 |
|
|
|a 1009-C-14
|
| 074 |
|
|
|a 1009-C-14 (online)
|
| 074 |
|
|
|a 1009-C-15 (MF)
|
| 074 |
|
|
|a 1009-C-15 (online)
|
| 086 |
0 |
|
|a Y 4.C 44:H 88/7
|
| 110 |
1 |
|
|a United States.
|b Congressional-Executive Commission on China.
|
| 245 |
1 |
0 |
|a Combating human trafficking in China :
|b hearing before the Congressional-Executive Commission on China, One Hundred Ninth Congress, second session, March 6, 2006.
|
| 264 |
|
1 |
|a Washington :
|b U.S. G.P.O. :
|c 2006.
|
| 264 |
|
2 |
|a Washington :
|b For sale by the Supt. of Docs., U.S. G.P.O.,
|
| 300 |
|
|
|a iii, 57 pages ;
|c 24 cm.
|
| 336 |
|
|
|a text
|b txt
|2 rdacontent
|
| 337 |
|
|
|a unmediated
|b n
|2 rdamedia
|
| 338 |
|
|
|a volume
|b nc
|2 rdacarrier
|
| 500 |
|
|
|a Distributed to some depository libraries in microfiche.
|
| 500 |
|
|
|a Shipping list number: 2006-0250-P.
|
| 500 |
|
|
|a Shipping List Date: 07/21/2006
|
| 530 |
|
|
|a Also available via Internet from the GPO Access web site. Addresses as of 6/26/06: http://frwebgate.access.gpo.gov/cgi-bin/getdoc.cgi?dbname=108%5Fhouse%5Fhearings&docid=f:26671.wais (text version), http://frwebgate.access.gpo.gov/cgi-bin/getdoc.cgi?dbname=108%5Fhouse%5Fhearings&docid=f:26671.pdf (PDF version); current access is available via PURLs.
|
| 650 |
|
0 |
|a Human smuggling
|z China
|x Prevention.
|
| 650 |
|
0 |
|a Human smuggling
|x Prevention
|x International cooperation.
|
| 650 |
|
0 |
|a Women
|x Crimes against
|z China
|x Prevention.
|
| 650 |
|
0 |
|a Women
|x Legal status, laws, etc.
|z China.
|
| 650 |
|
0 |
|a Human rights
|z China.
|
| 856 |
4 |
1 |
|3 Text version:
|u https://purl.fdlp.gov/GPO/LPS71351
|t 0
|
| 856 |
4 |
1 |
|3 PDF version:
|u https://purl.fdlp.gov/GPO/LPS71352
|t 0
|
| 999 |
|
|
|a MARS
|
| 999 |
f |
f |
|s e7837c7e-f8c3-39f2-9b22-fc2260f530af
|i bdb7a03e-0178-3166-8cb1-3367ca36b9bb
|t 0
|
| 952 |
f |
f |
|a Texas A&M University
|b College Station
|c Electronic Resources
|d Available Online
|t 0
|e Y 4.C 44:H 88/7
|h Superintendent of Documents classification
|
| 998 |
f |
f |
|a Y 4.C 44:H 88/7
|t 0
|l Available Online
|